| 000 | 00692 a2200205 4500 | ||
|---|---|---|---|
| 001 | 54290 | ||
| 005 | 20260407155814.0 | ||
| 008 | 260407a1991 arg spa d | ||
| 003 | AR-UNSa-BCEJYS | ||
| 040 |
_aAR-UNSa-BCEJYS _bspa _cAR-UNSa-BCEJYS |
||
| 080 |
_a336.745 _xCambio de monedas. Moneda extranjera |
||
| 245 | 1 | 0 |
_aConvertibilidad y desindexación Ley 23.928 _psu aplicación a la actividad bancaria |
| 020 | _a950-14-0606-7 | ||
| 264 | 1 |
_aBuenos Aires : _bEdiciones Depalma _c1991 |
|
| 300 |
_a106 p. _c23 cm. |
||
| 505 | _a1. El dinero – 2. El nominalismo – 3. La ley 23.928 | ||
| 942 | _cBK | ||
| 590 | _aniveau_biblio:m niveau_hierar:0 | ||
| 100 | 1 | _aVillegas, Carlos Gilberto | |
| 999 |
_c5459 _d5459 |
||